000 00894nam a2200253Ia 4500
003 OSt
005 20220926012308.0
006 a|||||r|||| 00| 0
007 ta
008 220923b |||||||| |||| 00| 0 eng d
020 _a9781107609617
_c1936.1700000000001
037 _b40552, 10/03/2014, Segment Book Distrobutors
_cGeneral Book
040 _aRTL
_cRTL
_beng
041 _2eng
_aeng
082 _aX714.1.P09<-P08, Q4
100 _aSHARMA Shalendra D.
_923063
245 0 _aGlobal financial contagion
_b Building a resilient world economy after the subprime crisis.
260 _aNew York
_bCambridge University Press
_c2014
300 _ax,394
_ccm.
500 _aBibliography:P 540-551
650 _aEconomics
942 _hX714.1.P09<-P08, Q4
_cGB
_2CC
999 _c622413
_d622413